Fluid Mechanics / (Record no. 1774)
[ view plain ]
| 000 -LEADER | |
|---|---|
| fixed length control field | 00395cam a2200157ua 4500 |
| 020 ## - INTERNATIONAL STANDARD BOOK NUMBER | |
| ISBN | 9788131721407 |
| 082 ## - DEWEY DECIMAL CLASSIFICATION NUMBER | |
| Classification number | 532 |
| Item number | DOU/FL |
| 100 ## - MAIN ENTRY--AUTHOR NAME | |
| Personal name | Douglas, J.F . |
| 245 ## - TITLE STATEMENT | |
| Title | Fluid Mechanics / |
| 250 ## - EDITION STATEMENT | |
| Edition statement | 5 / |
| 260 ## - PUBLICATION, DISTRIBUTION, ETC. (IMPRINT) | |
| Place of publication | London : |
| Name of publisher | Pitman publishing limited , |
| Year of publication | 2004. |
| 300 ## - PHYSICAL DESCRIPTION | |
| Number of Pages | 911 : |
| Other physical details | ` ; . |
| 700 1# - ADDED ENTRY--PERSONAL NAME | |
| Personal name | Gasiorek, J.M . |
| 700 1# - ADDED ENTRY--PERSONAL NAME | |
| Personal name | Swaffield, J.A . |
| 942 ## - ADDED ENTRY ELEMENTS (KOHA) | |
| Koha item type | Books |
| Withdrawn status | Lost status | Damaged status | Home library | Current library | Date acquired | Full call number | Accession Number | Koha item type | Collection code | Shelving location | Source of acquisition | Cost, normal purchase price |
|---|---|---|---|---|---|---|---|---|---|---|---|---|
| KAUAET | KAUAET | 19/08/1986 | 532 | 15370 | Books | |||||||
| KAUAET | KAUAET | 07/04/2012 | 532 | 20937 | Books | |||||||
| KAUAET | KAUAET | 07/04/2012 | 532 | 22272 | Books | |||||||
| KAUAET | KAUAET | 07/04/2012 | 532 | 22273 | Books | |||||||
| KAUAET | KAUAET | 13/06/2016 | 532 DOU/FL | 24200 | Books | General Stacks | Penta Books, Calicut | 799.00 | ||||
| KAUAET | KAUAET | 30/03/2013 | 532 DOU/FL | 24040 | Books | Aman Book Stall, Calicut |
